Marine Turtles in The Comoro Archipelago (Record no. 594146)

MARC details
000 -LEADER
fixed length control field 00437nam a2200145Ia 4500
008 - FIXED-LENGTH DATA ELEMENTS--GENERAL INFORMATION
fixed length control field 100415s9999 xx 000 0 und d
082 ## - DEWEY DECIMAL CLASSIFICATION NUMBER
Item number 11223
Classification number 598.13
100 ## - MAIN ENTRY--PERSONAL NAME
Personal name Frazier J
245 ## - TITLE STATEMENT
Title Marine Turtles in The Comoro Archipelago
260 ## - PUBLICATION, DISTRIBUTION, ETC. (IMPRINT)
Place of publication, distribution, etc NEWYORK
Date of publication, distribution, etc 1985
Name of publisher, distributor, etc NORTH HOLLAND PUBLISHING CO.
365 ## - TRADE PRICE
Price amount 0
630 ## - SUBJECT ADDED ENTRY--UNIFORM TITLE
Uniform title Marine Turtles in The Comoro Archipelago
730 ## - ADDED ENTRY--UNIFORM TITLE
Uniform title Marine Turtles in The Comoro Archipelago
942 ## - ADDED ENTRY ELEMENTS (KOHA)
Koha item type Book
Holdings
Withdrawn status Lost status Damaged status Not for loan Home library Current library Date acquired Cost, normal purchase price Total Checkouts Full call number Barcode Date last seen Price effective from Koha item type
        Bombay Natural History Society Bombay Natural History Society 08/07/1997 0.00   598.13 11223 BNHS-11223 04/15/2010 04/15/2010 Book